| 000 | 00407cam a2200181 4500 | ||
|---|---|---|---|
| 001 | D6662 | ||
| 008 | 090401t1980 xxu||||| |||| 00| 0 eng d | ||
| 035 | _a(Sirsi) u2344 | ||
| 041 | _aeng | ||
| 050 | _a346.4104343 | ||
| 100 | _aLewison, Kim | ||
| 245 | _aDrafting business leases | ||
| 260 |
_aLondon _bOyez _c1980 |
||
| 300 | _axxviii. 201p. 22cm | ||
| 350 | _a0 | ||
| 942 | _n0 | ||
| 948 | _c04/03/1997 | ||
| 999 |
_c85758 _d85758 |
||